[Event "Chigorin Memorial 24th"]
[Site "St Petersburg"]
[Date "2016.10.17"]
[Round "3"]
[White "Ibadov, Dashgyn"]
[Black "Yanko, Ivan"]
[Result "1-0"]
[WhiteElo "2294"]
[BlackElo "2060"]
[PlyCount "67"]
[EventDate "2016.10.15"]
[EventType "swiss"]
[EventRounds "9"]
[EventCountry "RUS"]
[SourceTitle "CBM 175 Extra"]
[Source "ChessBase"]
[SourceDate "2016.12.12"]
[SourceVersion "1"]
[SourceVersionDate "2016.12.12"]
[SourceQuality "1"]

1. d4 Nf6 2. Nf3 g6 3. c4 Bg7 4. Nc3 0-0 5. e4 d6 6. Be2 e5 7. d5 a5 8. Bg5 h6 9. Bh4 Qe8 10. Nd2 Na6 11. 0-0 Nh7 12. a3 f5 13. f3 Bd7 14. b3 h5 15. Rb1 Bh6 16. b4 axb4 17. axb4 Be3+ 18. Kh1 g5 19. Bf2 Bxf2 20. Rxf2 f4 21. c5 dxc5 22. Bxa6 Rxa6 23. bxc5 Qe7 24. d6 cxd6 25. Nd5 Qd8 26. Rxb7 g4 27. cxd6 g3 28. Ne7+ Kg7 29. Re2 Qa8 30. Rxd7 Ra1 31. Nb1 Qa4 32. Nc6+ Kh6 33. Rc2 Ra2 34. Rc1 1-0

[Event "Chigorin Memorial 24th"]
[Site "St Petersburg"]
[Date "2016.10.15"]
[Round "1"]
[White "Golubov, Saveliy"]
[Black "Yanko, Ivan"]
[Result "1-0"]
[WhiteElo "2481"]
[BlackElo "2060"]
[PlyCount "73"]
[EventDate "2016.10.15"]
[EventType "swiss"]
[EventRounds "9"]
[EventCountry "RUS"]
[SourceTitle "CBM 175 Extra"]
[Source "ChessBase"]
[SourceDate "2016.12.12"]
[SourceVersion "1"]
[SourceVersionDate "2016.12.12"]
[SourceQuality "1"]

1. e4 c5 2. Nf3 d6 3. d4 cxd4 4. Nxd4 Nf6 5. Nc3 a6 6. Be2 e5 7. Nb3 Be7 8. 0-0 0-0 9. Re1 Be6 10. Bf3 Nbd7 11. a4 Rc8 12. Nd2 Re8 13. Nf1 Nb6 14. Ne3 Bf8 15. Ncd5 Bxd5 16. exd5 Qd7 17. b3 e4 18. Be2 Re5 19. Bb2 Rg5 20. Bxf6 gxf6 21. Qd4 f5 22. Qxb6 f4 23. Bg4 Rxg4 24. Nxg4 Qxg4 25. Rxe4 f5 26. Rb4 a5 27. Qxa5 Bg7 28. Rf1 Bc3 29. Qb5 Bxb4 30. Qxb4 Rxc2 31. h3 Qg5 32. Qxd6 f3 33. g3 Re2 34. Qb8+ Kg7 35. Qxb7+ Kh6 36. Qa6+ Kh5 37. Qd3 1-0

[Event "Satka Summer op"]
[Site "Satka"]
[Date "2013.07.05"]
[Round "4"]
[White "Yanko, Ivan"]
[Black "Ivanov, Stepan"]
[Result "1-0"]
[WhiteElo "1641"]
[BlackElo "2021"]
[PlyCount "51"]
[EventDate "2013.07.02"]
[EventType "swiss"]
[EventRounds "9"]
[EventCountry "RUS"]
[SourceTitle "EXT 2014"]
[Source "ChessBase"]
[SourceDate "2013.11.20"]
[SourceVersion "1"]
[SourceVersionDate "2013.11.20"]
[SourceQuality "1"]

1. e4 c5 2. Nf3 d6 3. d4 cxd4 4. Nxd4 Nf6 5. Nc3 a6 6. Bg5 e6 7. Qf3 Nbd7 8. 0-0-0 Qc7 9. Qg3 b5 10. Bd3 b4 11. Nd5 exd5 12. exd5 Bb7 13. Rhe1+ Kd8 14. Nc6+ Bxc6 15. dxc6 Nc5 16. Bc4 Ra7 17. Qf3 Be7 18. Bf4 Nfe4 19. Rxe4 Nxe4 20. Qxe4 Kc8 21. Be3 Ra8 22. Bxf7 Rb8 23. Qe6+ Kd8 24. Bc5 Qxc6 25. Bxd6 Bg5+ 26. Bf4+ 1-0